Les 10 politiques français·e·s ayant le plus d'abonnés sur Youtube - Statistiques

Statistiques générales
  • Ce quiz a été pris 36 fois
  • Le résultat moyen est 5 sur 10
Statistiques - réponses
Nombre d'abonnés Personnalité politique Parti politique % Correct
209 k Marine Le Pen RN
100%
397 k Emmanuel Macron RE
97%
220 k Jordan Bardella RN
97%
1,23 M Jean-Luc Mélenchon LFI
91%
495 k Éric Zemmour R!
41%
345 k Mathilde Panot LFI
32%
206 k Manuel Bompard LFI
24%
253 k François Ruffin D!
21%
357 k Antoine Léaument LFI
15%
231 k Nicolas Dupont-Aignan DLF
6%
Aucun quiz correspondant
Distribution des résultats
% des personnes avec chaque résultat
Percentile par nombre de réponses
Votre historique - résultats
Vous n’avez pas pris ce quiz